000 01018cam a22003253a 4500
001 1122
003 PGUSA
005 20140828082957.0
008 971201s1997||||xxu|||||s|||||000 | eng d
040 _aPGUSA
_beng
042 _adc
050 4 _aPR
100 1 _aShakespeare, William,
_d1564-1616
245 1 4 _aThe Tragedy of Hamlet, Prince of Denmark
_h[electronic resource] /
_cWilliam Shakespeare
260 _bProject Gutenberg,
_c1997
500 _aWorld Library
506 _aCopyrighted. Read the copyright notice inside this book for details.
516 _aElectronic text
653 _aTragedies
653 _aPrinces -- Drama
653 _aHamlet (Legendary character) -- Drama
653 _aDenmark -- Drama
653 _aMurder victims' families -- Drama
653 _aKings and rulers -- Succession -- Drama
653 _aFathers -- Death -- Drama
653 _aRevenge -- Drama
830 0 _aProject Gutenberg
_v1122
856 4 0 _uhttp://www.gutenberg.org/ebooks/1122
942 _cEB
999 _c230470
_d230470